| 000 | 00000nam##2200000za#4500 |
| 001 | 9.639779 |
| 003 | CaOODSP |
| 005 | 20210624222335 |
| 007 | cr ||||||||||| |
| 008 | 150407|2000||||xxc|||||o f|0| 0 fre|d |
| 040 | |aCaOODSP|bfre |
| 043 | |an-cn--- |
| 086 | 1 |aE94-30/1-151F-PDF |
| 110 | 1 |aCanada.|bAgence canadienne de développement international. |
| 245 | 13|aLe VIH et le SIDA : |h[ressource électronique]|ble plan d'action de l'ACDI |
| 250 | |aDeuxième édition |
| 260 | |aHull - Québec : |bAgence canadienne de développement international |cJuillet 2000. |
| 300 | |a26p.|bglossaire, graphique, tableaux, photographies |
| 520 | 3 |aCette deuxième édition Le VIH et le sida: le plan d'action de l'ACDI tient compte des conseils et des commentaires exprimés lors de la Conférence internationale sur le VIH/sida, intitulée La contribution du Canada à la lutte contre la pandémie à l'échelle mondiale, qui s'est tenue à Toronto, Canada, les 1er et 2 juin 2000.--Page 1 |
| 590 | |a12-15-Supp|b2012-04-13 |
| 691 | 07|aPays en développement|2gcpds |
| 691 | 07|aSIDA|2gcpds |
| 775 | 08|tCIDA's HIV/AIDS action plan |w(CaOODSP)9.695646 |
| 776 | 0#|tLe VIH et le sida: le plan d'action de l'ACDI |w(CaOODSP)9.681273 |
| 856 | 40|ahttp://publications.gc.ca|qPDF|s1.39 Mo|uhttps://publications.gc.ca/collections/Collection/E94-30-1-151F.pdf |